Az év története. - Országos események. - Szegedi események

Elmentve itt :
Bibliográfiai részletek
Dokumentumtípus: Cikk
Megjelent: 1913-01-01
Sorozat:Délmagyarország 4 No. 1
Kulcsszavak:Helytörténet Szeged 1913
Online Access:http://dmarchiv.bibl.u-szeged.hu/42498
LEADER 00445nab a2200145 i 4500
001 delm42498
005 20180928090506.0
008 180927s1913 hu o 0|| hun d
040 |a SZTE Délmagyarország Archívum  |b hun 
041 |a hun 
245 0 3 |a Az év története. - Országos események. - Szegedi események  |h [elektronikus dokumentum] 
260 |c 1913-01-01 
300 |a 2-3 
490 0 |a Délmagyarország  |v 4 No. 1 
695 |a Helytörténet Szeged 1913